[Event "World-chT Rapid"]
[Site "Duesseldorf"]
[Date "2023.08.27"]
[Round "8.10"]
[White "Efroimski, Marsel"]
[Black "Ahn, Martin"]
[Result "1-0"]
[WhiteElo "2439"]
[BlackElo "2153"]
[PlyCount "67"]
[EventDate "2023.08.26"]
[EventType "team-swiss (rapid)"]
[EventRounds "12"]
[EventCountry "GER"]
[SourceTitle "CBM 215 Extra"]
[Source "ChessBase"]
[SourceDate "2023.09.30"]
[SourceVersion "1"]
[SourceVersionDate "2023.09.30"]
[SourceQuality "1"]
[WhiteTeam "Rishon Le Zion"]
[BlackTeam "Aachen"]
[WhiteTeamCountry "ISR"]
[BlackTeamCountry "GER"]

1. e4 c5 2. Nf3 g6 3. c4 Bg7 4. d4 cxd4 5. Nxd4 Nc6 6. Be3 Nf6 7. Nc3 0-0 8. Be2 Nxd4 9. Bxd4 d6 10. 0-0 Be6 11. f4 Rc8 12. b3 Qa5 13. Bf3 a6 14. a4 Qb4 15. Kh1 Ne8 16. f5 Bxd4 17. Qxd4 Nf6 18. fxe6 fxe6 19. Rab1 e5 20. Qd2 Rcd8 21. Rfd1 Kg7 22. Nd5 Nxd5 23. cxd5 Qxd2 24. Rxd2 Rc8 25. Kg1 Rc3 26. Kf2 g5 27. Ke2 Rfc8 28. Bg4 R8c7 29. Kf2 R7c5 30. Be2 Kg6 31. Bd3 h5 32. Ke2 g4 33. Rdb2 Kg5 34. Kd2 1-0

[Event "BL2-West 2223"]
[Site "Germany"]
[Date "2023.03.19"]
[Round "10.6"]
[White "Ahn, Martin"]
[Black "Marcziter, Dmitrii"]
[Result "1/2-1/2"]
[WhiteElo "2170"]
[BlackElo "2262"]
[PlyCount "21"]
[EventDate "2022.10.22"]
[EventType "team-tourn"]
[EventRounds "10"]
[EventCountry "GER"]
[SourceTitle "EXT 2024"]
[Source "ChessBase"]
[SourceDate "2023.10.10"]
[SourceVersion "1"]
[SourceVersionDate "2023.10.10"]
[SourceQuality "1"]
[WhiteTeam "Aachen SV"]
[BlackTeam "Koeln Porz"]
[WhiteTeamCountry "GER"]
[BlackTeamCountry "GER"]

1. e4 c5 2. Nf3 a6 3. c3 d5 4. exd5 Qxd5 5. d4 Nf6 6. Be2 Bg4 7. 0-0 e6 8. h3 Bh5 9. Be3 cxd4 10. cxd4 Nc6 11. Nc3 1/2-1/2

[Event "BEL-chT 2223"]
[Site "Belgium"]
[Date "2023.01.29"]
[Round "6.6"]
[White "Ahn, Martin"]
[Black "Messaoudi, Mohammed"]
[Result "1/2-1/2"]
[WhiteElo "2173"]
[BlackElo "1738"]
[PlyCount "60"]
[EventDate "2022.09.25"]
[EventType "team-tourn"]
[EventRounds "11"]
[EventCountry "BEL"]
[SourceTitle "CBM 213 Extra"]
[Source "ChessBase"]
[SourceDate "2023.05.31"]
[SourceVersion "1"]
[SourceVersionDate "2023.05.31"]
[SourceQuality "1"]
[WhiteTeam "Eupen Rochade"]
[BlackTeam "Tal"]
[WhiteTeamCountry "BEL"]
[BlackTeamCountry "BEL"]

1. e4 c5 2. Nf3 d6 3. c3 Nf6 4. Be2 Nc6 5. d3 Bg4 6. h3 Bh5 7. Nbd2 e6 8. Nf1 Be7 9. Ng3 Bxf3 10. Bxf3 0-0 11. 0-0 Ne5 12. Be2 Qc7 13. d4 Ng6 14. f4 Rfd8 15. Qd3 Rac8 16. f5 Nf8 17. Be3 a6 18. Rf2 c4 19. Qc2 N8d7 20. Raf1 e5 21. Bf3 d5 22. Ne2 dxe4 23. Bxe4 Nxe4 24. Qxe4 f6 25. Qd5+ Kh8 26. Qf7 Bd6 27. Rd1 Nb6 28. Qxc7 Bxc7 29. Rff1 Nd5 30. Bc1 e4 1/2-1/2

[Event "BEL-chT 2223"]
[Site "Belgium"]
[Date "2022.11.20"]
[Round "4.5"]
[White "Ahn, Martin"]
[Black "Elgersma, Onno"]
[Result "1-0"]
[WhiteElo "2173"]
[BlackElo "2318"]
[PlyCount "125"]
[EventDate "2022.09.25"]
[EventType "team-tourn"]
[EventRounds "11"]
[EventCountry "BEL"]
[SourceTitle "CBM 213 Extra"]
[Source "ChessBase"]
[SourceDate "2023.05.31"]
[SourceVersion "1"]
[SourceVersionDate "2023.05.31"]
[SourceQuality "1"]
[WhiteTeam "Eupen Rochade"]
[BlackTeam "Wachtebeke"]
[WhiteTeamCountry "BEL"]
[BlackTeamCountry "BEL"]

1. e4 c6 2. Nf3 d5 3. Nc3 dxe4 4. Nxe4 Nf6 5. Qe2 Nxe4 6. Qxe4 Qa5 7. Bc4 Bf5 8. Qe5 Qxe5+ 9. Nxe5 e6 10. d3 a5 11. a4 Na6 12. g4 Bg6 13. h4 Bd6 14. Bf4 Bxe5 15. Bxe5 f6 16. Bc3 Bf7 17. Bxa5 e5 18. Bxf7+ Kxf7 19. b3 h5 20. f3 Nc5 21. Bb6 Ne6 22. Be3 g6 23. Kf2 c5 24. Ke2 hxg4 25. fxg4 f5 26. Kf3 Kf6 27. Bf2 Ke7 28. Rae1 Kd6 29. gxf5 gxf5 30. Rhg1 Kd5 31. Rg6 Rae8 32. c4+ Kd6 33. Bg3 f4 34. Bf2 b6 35. Reg1 Ke7 36. Ke4 Kd6 37. R1g5 Ke7 38. Rxe5 Kf7 39. Rg4 Re7 40. h5 Ke8 41. Bh4 f3 42. Rg6 f2 43. Bxf2 Kd7 44. h6 Rf8 45. Be3 Rff7 46. Rg8 Rf1 47. Ra8 Kd6 48. Rg8 Re1 49. Rg3 Rf1 50. Rd5+ Kc7 51. Re5 Kd6 52. Rg6 Rh1 53. Bf4 Kd7 54. Rd5+ Ke8 55. Kf5 Nxf4 56. Rg8+ Kf7 57. Rg7+ Ke8 58. Rxe7+ Kxe7 59. Kxf4 Rxh6 60. a5 bxa5 61. Rxc5 Rb6 62. Rxa5 Rxb3 63. Ke4 1-0

[Event "BEL-chT 2122"]
[Site "Belgium"]
[Date "2022.04.24"]
[Round "11.8"]
[White "Loo, Bernd"]
[Black "Ahn, Martin"]
[Result "1/2-1/2"]
[WhiteElo "1830"]
[BlackElo "2174"]
[PlyCount "25"]
[EventDate "2021.10.24"]
[EventType "team-tourn"]
[EventRounds "11"]
[EventCountry "BEL"]
[SourceTitle "EXT 2023"]
[Source "ChessBase"]
[SourceDate "2022.10.05"]
[SourceVersion "1"]
[SourceVersionDate "2022.10.05"]
[SourceQuality "1"]
[WhiteTeam "KSK47 Eynatten"]
[BlackTeam "KSK Rochade"]
[WhiteTeamCountry "BEL"]
[BlackTeamCountry "BEL"]

1. d4 Nf6 2. Nc3 d5 3. f3 c5 4. e4 dxe4 5. d5 exf3 6. Nxf3 g6 7. Bb5+ Bd7 8. Qe2 Bxb5 9. Qxb5+ Nbd7 10. Qxb7 Bg7 11. Bf4 0-0 12. 0-0-0 Nh5 13. Bc7 1/2-1/2

[Event "BEL-chT 2122"]
[Site "Belgium"]
[Date "2022.03.20"]
[Round "4.8"]
[White "Ahn, Martin"]
[Black "Peeren, Yen"]
[Result "1-0"]
[WhiteElo "2174"]
[BlackElo "2152"]
[PlyCount "87"]
[EventDate "2021.10.24"]
[EventType "team-tourn"]
[EventRounds "11"]
[EventCountry "BEL"]
[SourceTitle "EXT 2023"]
[Source "ChessBase"]
[SourceDate "2022.10.05"]
[SourceVersion "1"]
[SourceVersionDate "2022.10.05"]
[SourceQuality "1"]
[WhiteTeam "KSK Rochade"]
[BlackTeam "Oostende"]
[WhiteTeamCountry "BEL"]
[BlackTeamCountry "BEL"]

1. e4 c6 2. Nc3 g6 3. d4 Bg7 4. h3 d6 5. Be3 b5 6. f4 b4 7. Nce2 Nf6 8. Ng3 h5 9. Bd3 h4 10. N3e2 d5 11. e5 Ne4 12. Nf3 Bf5 13. 0-0 e6 14. a3 bxa3 15. Rxa3 Bf8 16. Ra2 Nd7 17. Nd2 Nxd2 18. Qxd2 Bxd3 19. Qxd3 Nb6 20. Rfa1 Qc7 21. Kh1 Be7 22. Ng1 Bd8 23. Nf3 Nc8 24. Bd2 Qb7 25. Be1 Qb5 26. Qxb5 cxb5 27. Bb4 Rb8 28. Ra6 Bb6 29. Bc5 Kd7 30. Bxb6 Rxb6 31. Nd2 Kc6 32. Nb3 Rxa6 33. Rxa6+ Kb7 34. Nc5+ Kc7 35. Kg1 g5 36. f5 exf5 37. Rf6 Rh7 38. Rxf5 Rg7 39. e6 Nd6 40. Rxd5 Kc6 41. exf7 Rxf7 42. Rxg5 Nf5 43. Nd3 Kd5 44. Ne5 1-0

[Event "BEL-chT 1920"]
[Site "Belgium"]
[Date "2020.02.16"]
[Round "8.7"]
[White "Perez de Aranda, Leonardo Ivan"]
[Black "Ahn, Martin"]
[Result "0-1"]
[WhiteElo "2119"]
[BlackElo "2179"]
[PlyCount "136"]
[EventDate "2019.09.29"]
[EventType "team-tourn"]
[EventRounds "11"]
[EventCountry "BEL"]
[SourceTitle "CBM 195 Extra"]
[Source "ChessBase"]
[SourceDate "2020.05.31"]
[SourceVersion "1"]
[SourceVersionDate "2020.05.31"]
[SourceQuality "1"]
[WhiteTeam "Europchess"]
[BlackTeam "Eupen Rochade"]
[WhiteTeamCountry "BEL"]
[BlackTeamCountry "BEL"]

1. e4 c5 2. Nf3 g6 3. Bc4 Bg7 4. d4 cxd4 5. Nxd4 Nc6 6. Nxc6 bxc6 7. 0-0 d6 8. Nc3 Nf6 9. Bg5 0-0 10. Bb3 Qa5 11. Qd2 Bb7 12. Bh6 Qh5 13. Bxg7 Kxg7 14. Rae1 Ba6 15. Ne2 Nxe4 16. Qd4+ Qe5 17. f4 Qxd4+ 18. Nxd4 Bxf1 19. Rxe4 Ba6 20. Rxe7 c5 21. Nc6 Kf6 22. Rd7 Bb5 23. Rxd6+ Kg7 24. Bd5 Bxc6 25. Rxc6 Rac8 26. Ra6 Rc7 27. c4 Rb8 28. b3 Rb6 29. Ra5 Kf6 30. Kf2 Ke7 31. Ke3 Kd6 32. Kd3 Re7 33. g3 f6 34. Be4 f5 35. Bf3 h6 36. h4 a6 37. b4 Rc7 38. b5 axb5 39. cxb5 c4+ 40. Kc3 Kc5 41. Bc6 Re7 42. Ra8 Re3+ 43. Kc2 Rxg3 44. a4 Rg4 45. h5 gxh5 46. a5 Rxb5 47. Bxb5 Kxb5 48. a6 Rxf4 49. a7 Kb6 50. Rh8 Kxa7 51. Rxh6 h4 52. Kc3 Kb7 53. Kd2 Kc7 54. Ke3 Re4+ 55. Kd2 Rd4+ 56. Ke3 Rg4 57. Rf6 c3 58. Rxf5 Rc4 59. Rf1 c2 60. Rc1 Kd6 61. Kd3 Kd5 62. Ke3 Rc3+ 63. Kd2 Kd4 64. Ke2 Rh3 65. Kf2 Kc3 66. Kg2 Rg3+ 67. Kh2 Kb2 68. Rd1 Rh3+ 0-1

[Event "BEL-chT 1920"]
[Site "Belgium"]
[Date "2020.01.19"]
[Round "6.8"]
[White "Ahn, Martin"]
[Black "Van der Straeten, Lieven"]
[Result "1-0"]
[WhiteElo "2179"]
[BlackElo "1813"]
[PlyCount "45"]
[EventDate "2019.09.29"]
[EventType "team-tourn"]
[EventRounds "11"]
[EventCountry "BEL"]
[SourceTitle "CBM 195 Extra"]
[Source "ChessBase"]
[SourceDate "2020.05.31"]
[SourceVersion "1"]
[SourceVersionDate "2020.05.31"]
[SourceQuality "1"]
[WhiteTeam "Eupen Rochade"]
[BlackTeam "Jean Jaures Ghent"]
[WhiteTeamCountry "BEL"]
[BlackTeamCountry "BEL"]

1. e4 e6 2. d4 d5 3. Nc3 Nf6 4. e5 Nfd7 5. Nce2 c5 6. c3 Nc6 7. f4 Qb6 8. Nf3 f6 9. a3 Be7 10. Ng3 cxd4 11. Nxd4 Nxd4 12. cxd4 fxe5 13. fxe5 0-0 14. Qg4 Nxe5 15. dxe5 Qf2+ 16. Kd1 Bd7 17. Bh6 Rf7 18. Be2 Qxg2 19. Rc1 d4 20. Rf1 Rxf1+ 21. Bxf1 Ba4+ 22. Ke1 Qxh2 23. Qxg7# 1-0

[Event "BEL-chT 1920"]
[Site "Belgium"]
[Date "2019.12.01"]
[Round "5.8"]
[White "Goossens, Etienne"]
[Black "Ahn, Martin"]
[Result "1/2-1/2"]
[WhiteElo "2228"]
[BlackElo "2179"]
[PlyCount "38"]
[EventDate "2019.09.29"]
[EventType "team-tourn"]
[EventRounds "11"]
[EventCountry "BEL"]
[SourceTitle "CBM 195 Extra"]
[Source "ChessBase"]
[SourceDate "2020.05.31"]
[SourceVersion "1"]
[SourceVersionDate "2020.05.31"]
[SourceQuality "1"]
[WhiteTeam "Liege Crelel"]
[BlackTeam "Eupen Rochade"]
[WhiteTeamCountry "BEL"]
[BlackTeamCountry "BEL"]

1. d4 Nf6 2. c4 g6 3. Nc3 Bg7 4. e4 d6 5. Nf3 0-0 6. Be2 e5 7. d5 a5 8. Bg5 h6 9. Bh4 Na6 10. Nd2 Qe8 11. 0-0 Nh7 12. a3 Bd7 13. Kh1 h5 14. f3 a4 15. Qc2 Bh6 16. Bf2 Nc5 17. Rae1 b6 18. Nb5 Qd8 19. Nb1 f5 1/2-1/2

[Event "EU-Cup 35th"]
[Site "Ulcinj"]
[Date "2019.11.10"]
[Round "1.6"]
[White "Ahn, Martin"]
[Black "Kryakvin, Dmitry"]
[Result "0-1"]
[WhiteElo "2154"]
[BlackElo "2605"]
[PlyCount "83"]
[EventDate "2019.11.10"]
[EventType "team-swiss"]
[EventRounds "7"]
[EventCountry "MNE"]
[SourceTitle "CBM 193 Extra"]
[Source "ChessBase"]
[SourceDate "2020.01.31"]
[SourceVersion "1"]
[SourceVersionDate "2020.01.31"]
[SourceQuality "1"]
[WhiteTeam "Eupen Rochade"]
[BlackTeam "Molodezka"]
[WhiteTeamCountry "BEL"]
[BlackTeamCountry "RUS"]

1. e4 e6 2. d4 d5 3. Nc3 Bb4 4. e5 c5 5. a3 Bxc3+ 6. bxc3 Qa5 7. Bd2 Qa4 8. Qg4 Kf8 9. Nf3 Ne7 10. Bd3 c4 11. Be2 Qxc2 12. 0-0 Nbc6 13. Bd1 Qg6 14. Qh3 Na5 15. Ne1 Nb3 16. Bh5 Qf5 17. Bg4 Nxd2 18. Bxf5 exf5 19. f4 Nxf1 20. Kxf1 h6 21. Rb1 Rb8 22. e6 Bxe6 23. Qe3 Nc6 24. Nf3 Kg8 25. Ne5 Kh7 26. Rb5 Rhe8 27. Nxc6 bxc6 28. Ra5 Rb1+ 29. Kf2 Rb2+ 30. Kf1 Reb8 31. h4 Rb1+ 32. Kf2 R8b2+ 33. Kg3 Rd1 34. Kh2 Rd3 35. Qg1 Rxc3 36. Rxa7 Rf3 37. Qc1 Rff2 38. Kh3 Rxg2 39. Rb7 Rh2+ 40. Kg3 Rbg2+ 41. Kf3 Rc2 42. Qe1 0-1

[Event "BEL-chT 1920"]
[Site "Belgium"]
[Date "2019.10.20"]
[Round "3.7"]
[White "Ahn, Martin"]
[Black "Roeder, Matthias"]
[Result "0-1"]
[WhiteElo "2179"]
[BlackElo "2367"]
[PlyCount "80"]
[EventDate "2019.09.29"]
[EventType "team-tourn"]
[EventRounds "11"]
[EventCountry "BEL"]
[SourceTitle "CBM 195 Extra"]
[Source "ChessBase"]
[SourceDate "2020.05.31"]
[SourceVersion "1"]
[SourceVersionDate "2020.05.31"]
[SourceQuality "1"]
[WhiteTeam "Eupen Rochade"]
[BlackTeam "Wirtzfeld"]
[WhiteTeamCountry "BEL"]
[BlackTeamCountry "BEL"]

1. e4 c6 2. Nf3 d5 3. exd5 cxd5 4. Ne5 Nf6 5. d4 g6 6. Bd3 Bg7 7. c3 0-0 8. 0-0 Nc6 9. h3 Nxe5 10. dxe5 Nd7 11. f4 Nc5 12. Bc2 b6 13. Be3 Ba6 14. Rf3 e6 15. Nd2 f6 16. exf6 Bxf6 17. Nb3 Qd6 18. Qd2 Rf7 19. Rd1 Qc7 20. Bxc5 bxc5 21. Qe3 Rc8 22. Qxe6 Bb7 23. Nc1 Kg7 24. Rf2 Re7 25. Qg4 Rce8 26. Ne2 Kh8 27. h4 Bc8 28. f5 gxf5 29. Bxf5 Bxf5 30. Qxf5 Bxh4 31. Rf4 Re5 32. Qg4 Bg5 33. Rf5 Qg7 34. Rxe5 Qxe5 35. Ng3 Be3+ 36. Kh2 Rg8 37. Qh3 Rxg3 38. Qxg3 Bf4 39. Rd3 Bxg3+ 40. Rxg3 d4 0-1

[Event "BEL-chT 1920"]
[Site "Belgium"]
[Date "2019.09.29"]
[Round "1.8"]
[White "Blom, Vincent"]
[Black "Ahn, Martin"]
[Result "1-0"]
[WhiteElo "2284"]
[BlackElo "2179"]
[PlyCount "71"]
[EventDate "2019.09.29"]
[EventType "team-tourn"]
[EventRounds "11"]
[EventCountry "BEL"]
[SourceTitle "CBM 195 Extra"]
[Source "ChessBase"]
[SourceDate "2020.05.31"]
[SourceVersion "1"]
[SourceVersionDate "2020.05.31"]
[SourceQuality "1"]
[WhiteTeam "Wachtebeke"]
[BlackTeam "Eupen Rochade"]
[WhiteTeamCountry "BEL"]
[BlackTeamCountry "BEL"]

1. c4 g6 2. g3 Bg7 3. Bg2 e5 4. Nc3 d6 5. e3 f5 6. Nge2 Nf6 7. 0-0 0-0 8. b4 c6 9. b5 Be6 10. Qa4 d5 11. f4 e4 12. Nd4 Bf7 13. Ba3 Re8 14. c5 Qc8 15. Rab1 Nfd7 16. Rfc1 Nf8 17. Nce2 Re7 18. bxc6 Nxc6 19. Nb5 Qd8 20. Nd6 Rb8 21. Nxb7 Rexb7 22. Rxb7 Rxb7 23. Qxc6 Rc7 24. Qa4 d4 25. Nxd4 Bxa2 26. Bb4 Qd5 27. Nb5 Rf7 28. c6 Bb3 29. Qa3 Qxb5 30. Qxb3 Ne6 31. Qxe6 Qxb4 32. c7 Qxd2 33. c8Q+ Bf8 34. Qcc4 Qxe3+ 35. Kh1 Qxc1+ 36. Qxc1 1-0

[Event "BEL-chT 1819"]
[Site "Belgium"]
[Date "2018.10.07"]
[Round "2.8"]
[White "Ahn, Martin"]
[Black "Hautot, Stephane"]
[Result "1/2-1/2"]
[WhiteElo "2200"]
[BlackElo "2331"]
[PlyCount "49"]
[EventDate "2018.09.30"]
[EventType "team-tourn"]
[EventRounds "11"]
[EventCountry "BEL"]
[SourceTitle "CBM 186 Extra"]
[Source "ChessBase"]
[SourceDate "2018.08.24"]
[SourceVersion "1"]
[SourceVersionDate "2018.08.24"]
[SourceQuality "1"]
[WhiteTeam "KSK Rochade"]
[BlackTeam "Wirtzfeld"]
[WhiteTeamCountry "BEL"]
[BlackTeamCountry "BEL"]

1. e4 d6 2. d4 Nf6 3. Nc3 Nbd7 4. Nf3 e5 5. Bc4 Be7 6. a4 0-0 7. 0-0 c6 8. h3 b6 9. Qe2 a6 10. Rd1 Qc7 11. Be3 Rb8 12. Ba2 b5 13. axb5 axb5 14. b4 d5 15. dxe5 Nxe4 16. Nxe4 dxe4 17. Ng5 Qxe5 18. Qh5 Nf6 19. Bxf7+ Kh8 20. Qh4 h6 21. Bf4 Qf5 22. Bxb8 Nh7 23. Qg3 Nxg5 24. Bb3 Bf6 25. Ra7 1/2-1/2

[Event "BEL-chT 1718"]
[Site "Belgium"]
[Date "2018.02.04"]
[Round "6.7"]
[White "Ahn, Martin"]
[Black "De Gueldre, Philippe"]
[Result "0-1"]
[WhiteElo "2200"]
[BlackElo "2200"]
[PlyCount "120"]
[EventDate "2017.09.24"]
[EventType "team-tourn"]
[EventRounds "11"]
[EventCountry "BEL"]
[SourceTitle "EXT 2019"]
[Source "ChessBase"]
[SourceDate "2018.10.10"]
[SourceVersion "1"]
[SourceVersionDate "2018.10.10"]
[SourceQuality "1"]
[WhiteTeam "KSK Rochade"]
[BlackTeam "Liege Crelel"]
[WhiteTeamCountry "BEL"]
[BlackTeamCountry "BEL"]

1. e4 e5 2. Nf3 Nc6 3. Bc4 Bc5 4. b4 Bxb4 5. c3 Ba5 6. d4 Bb6 7. 0-0 exd4 8. cxd4 d6 9. Bg5 Nge7 10. h3 h6 11. Be3 0-0 12. Nc3 Na5 13. Bd3 f5 14. Qc2 fxe4 15. Bxe4 d5 16. Bh7+ Kh8 17. Ne5 Nac6 18. Nxc6 Nxc6 19. Rad1 Ne7 20. g4 c6 21. Bd3 Be6 22. f4 Ng8 23. f5 Bf7 24. Qf2 Re8 25. Rfe1 Qf6 26. Ne2 Ba5 27. Rf1 Bb6 28. h4 Rxe3 29. Qxe3 Qxh4 30. g5 Qg4+ 31. Qg3 Qxg3+ 32. Nxg3 Bxd4+ 33. Kg2 hxg5 34. Rh1+ Nh6 35. Ba6 Be5 36. Bxb7 Rb8 37. Rb1 c5 38. Bc6 Rc8 39. Bd7 Rd8 40. Rb7 d4 41. Be6 Be8 42. Rbb1 Bc6+ 43. Kf2 Bxh1 44. Rxh1 Rb8 45. Ne4 Rb2+ 46. Kg1 d3 47. f6 Bd4+ 48. Kf1 Rb1+ 49. Kg2 Rxh1 50. fxg7+ Kxg7 51. Kxh1 Nf7 52. Bb3 Kg6 53. Kg2 Ne5 54. Nd2 Kf5 55. Nf3 Be3 56. Nxe5 Kxe5 57. Kf1 Kd4 58. Ke1 c4 59. Ba4 c3 60. Kd1 g4 0-1

[Event "BEL-chT 1718"]
[Site "Belgium"]
[Date "2017.12.03"]
[Round "5.8"]
[White "Ahn, Martin"]
[Black "Stillger, Bernhard"]
[Result "1/2-1/2"]
[WhiteElo "2200"]
[BlackElo "2322"]
[PlyCount "56"]
[EventDate "2017.09.24"]
[EventType "team-tourn"]
[EventRounds "11"]
[EventCountry "BEL"]
[SourceTitle "CBM 181 Extra"]
[Source "ChessBase"]
[SourceDate "2017.12.12"]
[SourceVersion "1"]
[SourceVersionDate "2017.12.12"]
[SourceQuality "1"]
[WhiteTeam "KSK Rochade"]
[BlackTeam "Eynatten"]
[WhiteTeamCountry "BEL"]
[BlackTeamCountry "BEL"]

1. e4 e6 2. d4 d5 3. Nc3 Nf6 4. e5 Nfd7 5. f4 c5 6. Nf3 Qb6 7. Be3 a6 8. a3 Nc6 9. Na4 Qa5+ 10. c3 c4 11. b4 cxb3 12. Qxb3 b5 13. Nc5 Nxd4 14. Bxd4 Bxc5 15. Kf2 Be7 16. Bd3 Nc5 17. Qc2 Nxd3+ 18. Qxd3 Bd7 19. h4 h5 20. Rh3 Qc7 21. Rg3 g6 22. Ng5 Qc4 23. Qb1 Rh6 24. Nf3 Rc8 25. Nd2 Qa4 26. Nf3 Qc4 27. Nd2 Qa4 28. Nf3 Qc4 1/2-1/2

[Event "BEL-chT 1718"]
[Site "Belgium"]
[Date "2017.11.19"]
[Round "4.7"]
[White "Ahn, Martin"]
[Black "Lemmers, Oscar"]
[Result "1/2-1/2"]
[WhiteElo "2200"]
[BlackElo "2346"]
[PlyCount "43"]
[EventDate "2017.09.24"]
[EventType "team-tourn"]
[EventRounds "11"]
[EventCountry "BEL"]
[SourceTitle "EXT 2019"]
[Source "ChessBase"]
[SourceDate "2018.10.10"]
[SourceVersion "1"]
[SourceVersionDate "2018.10.10"]
[SourceQuality "1"]
[WhiteTeam "KSK Rochade"]
[BlackTeam "KGSRL"]
[WhiteTeamCountry "BEL"]
[BlackTeamCountry "BEL"]

1. e4 c5 2. Nf3 e6 3. d4 cxd4 4. Nxd4 a6 5. Nc3 Qc7 6. Bd3 Bc5 7. Nb3 Be7 8. 0-0 Nf6 9. f4 d6 10. e5 Nfd7 11. exd6 Bxd6 12. Ne4 Be7 13. Bd2 Nf6 14. Qf3 Nbd7 15. Ba5 Qb8 16. Bc3 Nxe4 17. Bxe4 Nf6 18. Be5 Qa7+ 19. Bd4 Qb8 20. Be5 Qa7+ 21. Bd4 Qb8 22. Be5 1/2-1/2

[Event "BEL-chT 1718"]
[Site "Belgium"]
[Date "2017.10.01"]
[Round "2.8"]
[White "Noiroux, Kevin"]
[Black "Ahn, Martin"]
[Result "0-1"]
[WhiteElo "2124"]
[BlackElo "2200"]
[PlyCount "68"]
[EventDate "2017.09.24"]
[EventType "team-tourn"]
[EventRounds "11"]
[EventCountry "BEL"]
[SourceTitle "EXT 2019"]
[Source "ChessBase"]
[SourceDate "2018.10.10"]
[SourceVersion "1"]
[SourceVersionDate "2018.10.10"]
[SourceQuality "1"]
[WhiteTeam "Amay"]
[BlackTeam "KSK Rochade"]
[WhiteTeamCountry "BEL"]
[BlackTeamCountry "BEL"]

1. d4 g6 2. e4 Bg7 3. Nc3 d6 4. Nf3 Nf6 5. Be2 0-0 6. 0-0 Bg4 7. Be3 Nc6 8. d5 Bxf3 9. Bxf3 Ne5 10. Be2 c6 11. f4 Ned7 12. Bf3 cxd5 13. exd5 Rc8 14. Bd4 a6 15. a4 Qa5 16. Re1 Rfe8 17. Qd2 Rc4 18. Rad1 b5 19. axb5 axb5 20. Nb1 Qc7 21. Na3 Rxd4 22. Qxd4 Ng4 23. Bxg4 Bxd4+ 24. Rxd4 Nf6 25. Bf3 b4 26. Nc4 Qc5 27. c3 bxc3 28. bxc3 Kf8 29. g4 Ra8 30. g5 Nd7 31. Kg2 Ra4 32. Ne5 Ra2+ 33. Kg3 dxe5 34. fxe5 Nxe5 0-1

[Event "BEL-chT 1617"]
[Site "Belgium"]
[Date "2017.01.29"]
[Round "6.6"]
[White "Claesen, Pieter"]
[Black "Ahn, Martin"]
[Result "1-0"]
[WhiteElo "2311"]
[BlackElo "2255"]
[PlyCount "95"]
[EventDate "2016.10.02"]
[EventType "team-tourn"]
[EventRounds "11"]
[EventCountry "BEL"]
[SourceTitle "EXT 2018"]
[Source "ChessBase"]
[SourceDate "2017.10.13"]
[SourceVersion "1"]
[SourceVersionDate "2017.10.13"]
[SourceQuality "1"]
[WhiteTeam "Fontaine"]
[BlackTeam "KSK Rochade"]
[WhiteTeamCountry "BEL"]
[BlackTeamCountry "BEL"]

1. d4 g6 2. e4 Bg7 3. Nc3 d6 4. Nf3 Nd7 5. Be3 a6 6. Bc4 e6 7. a4 b6 8. 0-0 Ne7 9. Qd2 Bb7 10. Bh6 0-0 11. Bxg7 Kxg7 12. Rfe1 h6 13. h3 d5 14. exd5 Nxd5 15. Nxd5 Bxd5 16. Bxd5 exd5 17. Qf4 Rc8 18. a5 b5 19. Ra3 Qf6 20. Qxf6+ Kxf6 21. b4 c6 22. Rae3 Nb8 23. Ne5 Kg7 24. Nd3 Nd7 25. Re7 Rcd8 26. f3 Kf6 27. Kf2 g5 28. Nc5 Nxc5 29. bxc5 Rc8 30. Ra7 Ra8 31. Rc7 Rac8 32. Ree7 Kg6 33. Rxf7 Rxf7 34. Rxc8 Rf6 35. Ra8 h5 36. Rxa6 Kf5 37. g4+ hxg4 38. hxg4+ Kg6 39. Rb6 Kg7 40. a6 Rf8 41. Rxc6 Ra8 42. Rc7+ Kf6 43. a7 Ke6 44. Rb7 b4 45. Ke3 Kf6 46. c6 Ke6 47. c7 Kd7 48. Rb8 1-0

[Event "BEL-chT 1516"]
[Site "Belgium"]
[Date "2015.10.11"]
[Round "2.6"]
[White "Ahn, Martin"]
[Black "Verlinde, Tieme"]
[Result "1-0"]
[WhiteElo "2221"]
[BlackElo "2294"]
[PlyCount "57"]
[EventDate "2015.09.27"]
[EventType "team-tourn"]
[EventRounds "11"]
[EventCountry "BEL"]
[SourceTitle "CBM 168 Extra"]
[Source "ChessBase"]
[SourceDate "2015.10.29"]
[SourceVersion "1"]
[SourceVersionDate "2015.10.29"]
[SourceQuality "1"]
[WhiteTeam "KSK Rochade"]
[BlackTeam "KBSK Brugge"]
[WhiteTeamCountry "BEL"]
[BlackTeamCountry "BEL"]

1. e4 c5 2. Nf3 d6 3. d4 cxd4 4. Nxd4 Nf6 5. Nc3 a6 6. Bg5 Nbd7 7. Qe2 e6 8. f4 Be7 9. e5 dxe5 10. fxe5 Nd5 11. Bd2 Nxc3 12. Bxc3 Qc7 13. 0-0-0 b5 14. Qg4 g6 15. Nf3 Rb8 16. Kb1 Bb7 17. h4 h5 18. Qf4 b4 19. Bd4 a5 20. Bd3 a4 21. Rhf1 Rf8 22. Rf2 b3 23. cxb3 axb3 24. a3 Bd5 25. Rc1 Qa5 26. Be4 Ra8 27. Bxd5 Qxd5 28. Rd2 Bb4 29. Bc3 1-0

[Event "BL2-West 1516"]
[Site "Germany"]
[Date "2015.09.20"]
[Round "1.7"]
[White "Roeder, Matthias"]
[Black "Ahn, Martin"]
[Result "1/2-1/2"]
[WhiteElo "2395"]
[BlackElo "2221"]
[PlyCount "49"]
[EventDate "2015.09.20"]
[EventType "team-tourn"]
[EventRounds "9"]
[EventCountry "GER"]
[SourceTitle "EXT 2017"]
[Source "ChessBase"]
[SourceDate "2016.10.25"]
[SourceVersion "1"]
[SourceVersionDate "2016.10.25"]
[SourceQuality "1"]
[WhiteTeam "Aachen DJK"]
[BlackTeam "Aachen SV"]
[WhiteTeamCountry "GER"]
[BlackTeamCountry "GER"]

1. Nf3 Nf6 2. c4 g6 3. Nc3 Bg7 4. e4 d6 5. d4 0-0 6. Be2 e5 7. dxe5 dxe5 8. Qxd8 Rxd8 9. Bg5 Re8 10. 0-0-0 h6 11. Be3 Ng4 12. Nd5 Na6 13. c5 c6 14. Bxa6 cxd5 15. Bb5 d4 16. Bxe8 Be6 17. Ba4 dxe3 18. fxe3 Nf2 19. Bb3 Bxb3 20. axb3 Rc8 21. b4 a5 22. bxa5 Rxc5+ 23. Kb1 Nxh1 24. Rxh1 Rxa5 25. Rc1 1/2-1/2